"Wie sî sulen kumen zu Gotes dîneste"
| Titel: | "Wie sî sulen kumen zu Gotes dîneste" : Die liturgischen Königsberger Fragmente im Geheimen Staatsarchiv |
|---|---|
| Verfasser: | |
| In: |
Stiftung Preußischer Kulturbesitz: Jahrbuch Preußischer Kulturbesitz ..., Band 34 (1997), Seite 313-341, Abb. alle Artikel anzeigen |
| Veröffentlicht: | 1997 [1998] |
| Format: | Aufsatz |
| Sprache: | Deutsch |
X
alg: 39148657 001A $01999:11-11-16 001B $01999:23-03-21 $t21:43:53.000 001C $06050:19-11-16 $t08:33:05.000 001D $01999:11-11-16 001U $0utf8 001X $00 002@ $0Aox 003@ $0391486578 007A $0391486578 $aHEB 007T $0Herd39497 010@ $ager 011@ $a1997 $n1997 [1998] 021A $a"Wie sî sulen kumen zu Gotes dîneste" $dDie liturgischen Königsberger Fragmente im Geheimen Staatsarchiv 028A $aLöffler $dAnette 031A $d34 $h313-341, Abb. $j1997 039B $aIn $8--Abvc--Stiftung Preußischer Kulturbesitz [Tb1]. Jahrbuch Preußischer Kulturbesitz .... - Berlin : Mann, 1963-[2016]. - ISSN 0342-0124 $x199700000340000687 $9046848940 045F $a907.2094382 $eDDC23BSB 045F/01 $a907.2 045F/03 $g4382 045F/03 $g43832 045T $a24 lok: 39148657 78 exp: 39148657 78 1 #EPN 201B/01 $011-01-18 $t23:08:28.000 201U/01 $0utf8 203@/01 $0787580694 208@/01 $a11-11-16 $be 209A/01 $a/ $f000 $x00 220C/01 $aTitelaufnehmer: ks 244Z/01 $2Trx $#Prusy Wschodnie i Zachodnie $8--Trx--Ost- und Westpreußen $x01 $939113373X 244Z/01 $#Königsberg Preußen $#Königsberg i. Pr. $#Königsberg Pr. $#Königsberg in Ostpreußen $#Königsberg Ostpreußen $#Königsberg (Pr.) $#Königsberg Pregel $#Stadtgemeinde Königsberg $#Königsbergk $#Kaliningrad $#Karaliánčins $#Krulevec $#Karaláuczuje $#Królewiec $#Karaliaučius $#Regimontanus $#Regiomontium $#Regiomontum $#Regiomontum Borussiae $#Калининград $74031541-1 $8--Tg1--Königsberg $x02 $908508364X 244Z/01 $#Berlin $#Berlin $#柏林 $#Großberlin $#Groß-Berlin $#Haupt- und Residenz-Stadt Berlin $#Reichshauptstadt Berlin $#Berlino $#Berolino $#Stadtgemeinde Berlin $#Hauptstadt Berlin $#Birlīn $#Barlīn $#Berolinon $#Land Berlin $#Coloniae Brandenburgicae $#Berlinum $#Verolino $#Berolinum $#Cölln an der Spree $#Colonia Brandenburgica $#Colonia Marchica $#Cöln an der Spree $#Berlin 1945-1948 $#"Besonderes Gebiet" Berlin $#Gross-Berlin $74005728-8 $8--Tgz--Berlin $x03 $9085007188 244Z/01 $aGeschichte 1300-1525 $x04 244Z/01 $2Trx $#käsikirjad $#rankraščiai $#Manuscripts $#kéziratok $#rękopisy $#rukopisy $#rukopisy $8--Trx--Handschriften $x05 $9391380524 244Z/01 $2Trx $#liturgia $#liturgija ? $#liturgy $#liturgia $#liturgia $#liturgia $#liturgie $#Kalender, liturgische $8--Trx--Liturgie $x06 $9391354620 244Z/01 $2Trx $8--Trx--Zeitschriftenaufsatz $x07 $9391384341 245Z/01 $a13.03 $x01 245Z/01 $a04.02 $x02 247C/01 $82080>Marburg/Lahn, Herder-Institut, Forschungsbibliothek, Bibliographieportal $9336309341
| LEADER | 00000caa a22000002c 4500 | ||
|---|---|---|---|
| 001 | 391486578 | ||
| 003 | DE-603 | ||
| 005 | 20210323214353.0 | ||
| 007 | tu | ||
| 008 | 161111s1997 xx |||| | u00||u|ger c | ||
| 035 | |a (DE-599)HEB391486578 | ||
| 040 | |a DE-603 |b ger |c DE-603 |d DE-603 | ||
| 041 | |a ger | ||
| 082 | 0 | 4 | |8 1\u |a 907.2094382 |q DE-101 |2 23/BSB |
| 084 | |a 24 |2 ssgn | ||
| 085 | |8 1\u |b 907.2 | ||
| 085 | |8 1\u |z 2 |s 4382 | ||
| 085 | |8 1\u |z 2 |s 43832 | ||
| 100 | 1 | |a Löffler, Anette | |
| 245 | 0 | 0 | |a "Wie sî sulen kumen zu Gotes dîneste" |b Die liturgischen Königsberger Fragmente im Geheimen Staatsarchiv |
| 264 | 0 | |c 1997 [1998] | |
| 773 | 0 | 8 | |i In |a Stiftung Preußischer Kulturbesitz |t Jahrbuch Preußischer Kulturbesitz ... |d Berlin : Mann, 1963-[2016] |h 24 cm |x 0342-0124 |g Band 34 (1997), Seite 313-341, Abb. |w (DE-603)046848940 |w (DE-600)3758-8 |
| 924 | 0 | |9 2080 |a (DE-603)787580694 |b DE-2080 |c HES |d d |g / | |


